| 000 | 01207nam0a22003131 4500 | ||
|---|---|---|---|
| 001 | rc\993167 | ||
| 005 | 20250622071250.0 | ||
| 035 | _a(NLR Aleph) 006160167 | ||
| 090 |
_a5854349 _c5854349 |
||
| 100 | _a20041129d1981 |||y0rusy50 ca | ||
| 101 | 0 | _arus | |
| 102 | _aRU | ||
| 105 | _ay ||||||||| | ||
| 200 | 1 |
_aПятая мата _eПовесть, рассказы _fПетр Еремеев |
|
| 210 |
_aМ. _cСовременник _d1981 |
||
| 215 |
_a270 с. _d16 |
||
| 225 | 1 | _aНовинки "Современника" | |
| 327 | 1 | _aСодерж.: Пятая мата: Повесть; Рассказы: Егоршин день; Мальчишки; Ветлы шумят; На Чулыме | |
| 464 | 0 |
_12001#$aПятая мата _tПятая мата |
|
| 464 | 0 |
_12001#$aЕгоршин день _tЕгоршин день |
|
| 464 | 0 |
_12001#$aМальчишки _tМальчишки |
|
| 464 | 0 |
_12001#$aВетлы шумят _tВетлы шумят |
|
| 464 | 0 |
_12001#$aНа Чулыме _tНа Чулыме |
|
| 700 | 1 |
_aЕремеев _bП.В. _gПетр Васильевич |
|
| 801 | 0 |
_aRU _bNLR _gpsbo |
|
| 801 | 1 |
_aRU _bELAR _2rusmarc |
|
| 852 |
_aNLR _j81-2/1614 |
||
| 942 | _cBOOK | ||
| 980 | _aNB | ||